Estadísticas para Países más nublados

Haz click aquí para intentar la prueba.

Estadísticas generales

  • Esta prueba ha sido intentada 936 veces
  • La puntuación promedio es 14 de 20

Estadísticas de respuestas

%ContinentePaís% Correcto
78,4EuropaReino Unido
96%
81,5EuropaNoruega
94%
78,2EuropaSuecia
94%
79,6EuropaFinlandia
93%
80,1EuropaIrlanda
89%
84,4EuropaIslandia
89%
71,5EuropaAlemania
87%
72,2EuropaDinamarca
87%
71,0EuropaEstonia
85%
74,4EuropaPaíses Bajos
82%
71,1EuropaPolonia
81%
72,6EuropaBélgica
80%
72,0EuropaLuxemburgo
68%
70,5EuropaRepública Checa
60%
71,2OceaníaNauru
47%
70,2OceaníaEstados Federados
de Micronesia
45%
75,5ÁfricaGabón
35%
79,4AméricaEcuador
33%
75,2ÁfricaGuinea Ecuatorial
33%
83,5ÁfricaSanto Tomé y Príncipe
29%

Distribución de puntuación

Porcentaje por número respondido

Porcentaje de gente con cada puntuación

Historial de tus puntuaciones

No has intentado esta prueba.